Baywatch Cast by Picture - Statistics

General Stats
  • This quiz has been taken 14 times
    5 since last reset
  • The average score is 14 of 37
Answer Stats
Picture Hint Answer % Correct
Pamela Anderson Casey Jean "C.J." Parker
100%
Billy Warlock Eddie Kramer
100%
David Hasselhoff Mitch Buchannon
100%
Jeremy Jackson Hobie Buchannon
80%
Michael Newman Michael "Newmie" Newman
80%
Yasmine Bleeth Caroline Holden
60%
Gregory Alan Williams Garner Ellerbee
60%
Shawn Weatherly Jill Riley
60%
David Charvet Matt Brody
60%
Nicole Eggert Roberta "Summer" Quinn
60%
Erika Eleniak Shauni McClain
60%
Alexandra Paul Stephanie Holden
60%
David Chokachi Cody Madison
40%
Parker Stevenson Craig Pomeroy
40%
Donna D'Errico Donna Marco
40%
Monte Markham Don Thorpe
40%
Jaason Simmons Logan Fowler
40%
Gena Lee Nolin Neely Capshaw
40%
Peter Phelps Trevor Cole
40%
Mitzi Kapture Alex Ryker
20%
Kelly Packard April Giminski
20%
Michael Bergin Jack "J.D." Darius
20%
Jason Momoa Jason Ioane
20%
Brooke Burns Jessie Owens
20%
Kelly Slater Jimmy Slade
20%
Traci Bingham Jordan Tate
20%
Stacy Kamano Kekoa Tanaka
20%
Carmen Electra Lani McKenzie
20%
Brande Roderick Leigh Dyer
20%
José Solano Manny Gutierrez
20%
Nancy Valen Samantha Thomas
20%
Jason Brooks Sean Monroe
20%
Angelica Bridges Taylor Walsh
20%
Simmone Mackinnon Allie Reese
0%
Brandy Ledford Dawn Masterton
0%
Krista Allen Jenna Avid
0%
Marliece Andrada Skylar Bergman
0%
No matching quizzes found
Score Distribution
Percent of People with Each Score
Percentile by Number Answered
Your Score History
You have not taken this quiz since the last reset